000 00770nam a2200265 i 4500
001 C2-0293327
003 PPAK
005 20210905123356.0
008 090125s2008 my a j | 0 may d
020 _a9789830603377
_qpaperback
040 _aPPAK
_beng
_cPPAK
_erda
082 0 4 _a398.2
_223
090 0 0 _a398.2
_bJAM
_dK
100 0 _aJamalludin Othman,
_eauthor.
245 1 0 _aBatu petaka /
_cJamalludin Othman
264 1 _aPetaling Jaya, Selangor :
_bHasrat Murni,
_c2008
300 _a54 pages :
_billustrations ;
_c21 cm
336 _2rdacontent
_atext
337 _2rdamedia
_aunmediated
338 _2rdacarrier
_avolume
490 1 _aSiri sastera mega sakti
650 1 0 _aFolk literature, Malay
830 0 _aSiri sastera mega sakti
942 _cB
_2ddc
999 _c98044
_d98044